000 00770nam a22002177a 4500
003 UA-OsUOA
001 81178
007 ta
008 20120120b un ||||| |||| 00| 0 ukr d
100 _aЖураковська І.
090 _a330(477)
_bЖ91
942 _cSA
040 _aUA-OsUOA
_bukr
_cUA-OsUOA
_dUA-OsUOA
245 _aПодаткові різниці як спосіб взаємоузгодження бухгалтерського обліку та податкових розрахунків: обліковий аспект
300 _aС.12-23
955 _a0
041 _aukr
080 _a330(477)
773 0 _w81176
_tБухгалтерський облік і аудит
_dК.
_d2011
_g12
650 7 _a330 Економіка взагалі
_2UDC
999 _c367486
_d367486